ბათუმის შოთა რუსთაველის სახელმწიფო უნივერსიტეტის ბიბლიოთეკა

Routledge handbook of the economics of European integration / (ბიბ.ჩანაწერი № 57943)

000 -LEADER
fixed length control field 01046cam a2200229 i 4500
001 - CONTROL NUMBER
control field 18584163
005 - DATE AND TIME OF LATEST TRANSACTION
control field 20221110123400.0
008 - FIXED-LENGTH DATA ELEMENTS--GENERAL INFORMATION
fixed length control field 150420s2016 enka b 001 0 eng
020 ## - INTERNATIONAL STANDARD BOOK NUMBER
International Standard Book Number 9780415747707x
041 ## - LANGUAGE CODE
Language code of text/sound track or separate title eng
080 ## - UNIVERSAL DECIMAL CLASSIFICATION NUMBER
Universal Decimal Classification number 33(4) R-83
245 00 - TITLE STATEMENT
Title Routledge handbook of the economics of European integration /
Statement of responsibility, etc. edited by Harald Badinger and Volker Nitsch.
264 #1 - PRODUCTION, PUBLICATION, DISTRIBUTION, MANUFACTURE, AND COPYRIGHT NOTICE
Place of production, publication, distribution, manufacture New York :
Name of producer, publisher, distributor, manufacturer Routledge, Taylor & Francis Group,
Date of production, publication, distribution, manufacture, or copyright notice 2016.
300 ## - PHYSICAL DESCRIPTION
Extent xix, 515 pages :
Other physical details illustrations ;
Dimensions 26 cm.
610 20 - SUBJECT ADDED ENTRY--CORPORATE NAME
Corporate name or jurisdiction name as entry element European Union.
9 (RLIN) 11061
653 ## - INDEX TERM--UNCONTROLLED
keyword ევროპასთან ინტეგრაციის ეკონომიკის სახელმძღვანელო
653 ## - INDEX TERM--UNCONTROLLED
keyword Справочник по экономике европейской интеграции
653 ## - INDEX TERM--UNCONTROLLED
keyword ევრო კავშირის სახელმწიფოები
700 1# - ADDED ENTRY--PERSONAL NAME
Personal name Badinger, Harald,
Dates associated with a name
Relator term რედაქტორი
9 (RLIN) 11066
700 1# - ADDED ENTRY--PERSONAL NAME
Personal name Nitsch, Volker,
Relator term რედაქტორი
9 (RLIN) 11067
942 ## - ADDED ENTRY ELEMENTS (KOHA)
Source of classification or shelving scheme
Koha item type წიგნი
ეგზემპლარები
Withdrawn status Lost status Source of classification or shelving scheme Damaged status Not for loan Permanent Location Current Location Shelving location Date acquired Cost, normal purchase price Full call number Barcode Date last seen Copy number Price effective from Koha item type Public note
          ბათუმის შოთა რუსთაველის სახელმწიფო უნივერსიტეტის მთავარი ბიბლიოთეკა ბათუმის შოთა რუსთაველის სახელმწიფო უნივერსიტეტის მთავარი ბიბლიოთეკა წიგნსაცავი 2021-04-05 396.00 33(4) R-83 54125 2021-04-05 54125 2021-04-05 წიგნი 396.00 GEL.
          ბათუმის შოთა რუსთაველის სახელმწიფო უნივერსიტეტის მთავარი ბიბლიოთეკა ბათუმის შოთა რუსთაველის სახელმწიფო უნივერსიტეტის მთავარი ბიბლიოთეკა წიგნსაცავი 2021-04-05 396.00 33(4) R-83 54126 2021-04-05 54126 2021-04-05 წიგნი 396.00 GREL.